000 00684nam a2200241Ia 4500
003 OSt
005 20220927112713.0
006 a|||||r|||| 00| 0
007 ta
008 220926b |||||||| |||| 00| 0 eng d
024 _a152121
037 _cReports
040 _aRTL
_cRTL
_beng
041 _2eng
_aeng
082 _a"X9:9.2.N64,--N46s, GD"
110 _a"INDIA, NATIONAL(Commission)."
_9384008
245 0 _aStatistics of selected manufacturing industries Part 1
260 _c1973
300 _a179p.
_ccm.
700 _a"INDIA, NATIONAL(Commission)."
_9384009
942 _h"X9:9.2.N64,--N46s, GD"
_cCC
999 _c700510
_d700510